Mollusques de la france et des régions voisines. (Record no. 108295)

MARC details
000 -LEADER
campo de control de longitud fija 00623nam a2200181 4500
001 - NÚMERO DE CONTROL
campo de control 108295
003 - IDENTIFICADOR DE NÚMERO DE CONTROL
campo de control ES-MaACL
005 - FECHA Y HORA DE LA ÚLTIMA TRANSACCIÓN
campo de control 20230906184622.0
007 - CAMPO FIJO DE DESCRIPCIÓN FÍSICA--INFORMACIÓN GENERAL
campo de control de longitud fija t|
008 - DATOS DE LONGITUD FIJA--INFORMACIÓN GENERAL
campo de control de longitud fija 061121s1913 fr r ||||1| fre d
245 00 - MENCIÓN DEL TÍTULO
Título Mollusques de la france et des régions voisines.
260 ## - PUBLICACIÓN, DISTRIBUCIÓN, ETC.
Lugar de publicación, distribución, etc. París :
Nombre del editor, distribuidor, etc. Doin,
Fecha de publicación, distribución, etc. 1913.
300 ## - DESCRIPCIÓN FÍSICA
Extensión 2v. :
Otras características físicas il. ;
Dimensiones 19 cm.
505 8# - NOTA DE CONTENIDO CON FORMATO
Nota de contenido con formato Contiene: Tomo 1º- Amphineures, gaastéropodes opisthobranches par A. Vayssière. Tomo 2º- Gastéropodes pulmonés et prosobranches par Louis Germain.
700 1# - ENTRADA AGREGADA--NOMBRE PERSONAL
Nombre de persona Germain, Louis.
9 (RLIN) 56469
700 1# - ENTRADA AGREGADA--NOMBRE PERSONAL
Nombre de persona Vayssière, A.
9 (RLIN) 113340
852 ## - LOCALIZACIÓN
Ubicación ES-MaACL
Número de control de estantería D-3794-95
Holdings
Estatus retirado Estado de pérdida Estado de daño No para préstamo Biblioteca de origen Biblioteca actual Ubicación en estantería Fecha de adquisición Fuente de adquisición Total de préstamos Signatura topográfica completa Código de barras Visto por última vez Precio de reemplazo Tipo de ítem Koha
        Biblioteca del Ateneo de Madrid Biblioteca del Ateneo de Madrid Sala Valle Inclán 17/01/2008     D-3794-95 901113002 23/02/2023 23/02/2023 Libro impreso